Normal view
MARC view
- Energy transfer.
Entry Topical Term
001 - CONTROL NUMBER
- control field: 3459
003 - CONTROL NUMBER IDENTIFIER
- control field: NUST
005 - DATE AND TIME OF LATEST TRANSACTION
- control field: 20170719170251.0
008 - FIXED-LENGTH DATA ELEMENTS
- fixed length control field: 170719|| aca||aabn | a|a d
040 ## - CATALOGING SOURCE
- Original cataloging agency: NUST
- Transcribing agency: NUST
150 ## - HEADING--TOPICAL TERM
- Topical term or geographic name entry element: Energy transfer.
670 ## - SOURCE DATA FOUND
- Source citation: Work cat.: (NUST)0: Abdullah, Mohammad Omar. 3457, Applied energy :, 2012.
